000 00611nam a2200253Ia 4500
005 20260306154016.0
008 008 260114s9999 xx 000 0 eng d
020 _a9781843318842
037 _aEBOOK
040 _aCRL
040 _beng
040 _cCRL
041 _2eng
041 _aeng
084 _qCRL
100 _aKumar/Messner/Taube
_91126688
245 0 _aPower Shifts and Global Governance 1st ed
260 _bAnthem Press
260 _c2012
650 _aPolitical Science
856 _uhttps://doi.org/10.7135/UPO9781843318842
942 _cEBOOK
999 _c1705783
_d1705783